Name The Artist - 500 90s Hits - Statistics

General Stats
  • This quiz has been taken 74 times
  • The average score is 199 of 500
Answer Stats
Hint Answer % Correct
Bohemian Rhapsody | Innuendo Queen
93%
Can You Feel The Love Tonight | Candle In The Wind 1997 Elton John
92%
...Baby One More Time | Sometimes Britney Spears
90%
Crazy For You | Don't Cry For Me Argentina | Vogue Madonna
90%
Black Or White | Earth Song | They Don't Care About Us | You Are Not Alone Michael Jackson
90%
Champagne Supernova | Roll With It | Some Might Say | Wonderwall Oasis
88%
Californication | Give It Away | Scar Tissue | Under The Bridge Red Hot Chili Peppers
88%
2 Become 1 | Stop | Wannabe | Who Do You Think You Are Spice Girls
88%
Smells Like Teen Spirit Nirvana
86%
I Have Nothing | I Will Always Love You | I'm Every Woman | It's Not Right But It's Okay Whitney Houston
86%
Rhythm Nation | Runaway | Together Again Janet Jackson
85%
Everybody Hurts | Losing My Religion R.E.M.
85%
Gettin' Jiggy Wit It | Men In Black | Miami Will Smith
83%
Live And Let Die | November Rain Guns N' Roses
81%
Don't Speak | Just A Girl No Doubt
80%
Ice Ice Baby Vanilla Ice
80%
Crazy | Cryin' | I Don't Want To Miss A Thing | Janie's Got A Gun Aerosmith
78%
Don't Let The Sun Go Down On Me (ft. Elton John) | Fastlove, Pt. 1 | Freedom! '90 George Michael
78%
Basket Case | Longview Green Day
78%
Hard Knock Life (Ghetto Anthem) Jay-Z
78%
Steal My Sunshine Len
78%
U Can't Touch This MC Hammer
78%
Livin' La Vida Loca Ricky Martin
78%
Dreams | Linger | Zombie The Cranberries
78%
California Love (ft. Dr. Dre & Roger Troutman) 2Pac
76%
Ironic | You Oughta Know Alanis Morissette
76%
The River Of Dreams | We Didn't Start The Fire Billy Joel
76%
Genie In A Bottle | What A Girl Wants Christina Aguilera
76%
Baby-Baby-Baby | Creep | No Scrubs | +2 others TLC
76%
Achy Breaky Heart Billy Ray Cyrus
75%
All By Myself | It's All Coming Back To Me Now | The Power Of Love | Think Twice Celine Dion
75%
Iris Goo Goo Dolls
75%
Bat Out Of Hell | I'd Do Anything For Love (But I Won't Do That) Meat Loaf
75%
Kiss From A Rose Seal
75%
Friday I'm In Love The Cure
75%
Hold Me, Thrill Me, Kiss Me, Kill Me | One | Sweetest Thing U2
75%
Barbie Girl | Doctor Jones Aqua
73%
Gangsta's Paradise (ft. L.V.) Coolio
73%
Everybody (_________'s Back) | Quit Playing Games (With My Heart) Backstreet Boys
71%
Streets Of Philadelphia Bruce Springsteen
71%
Believe | Strong Enough | The Shoop Shoop Song (It's In His Kiss) Cher
71%
Nuthin' But A 'G' Thang Dr. Dre
71%
Man! I Feel Like A Woman! | You're Still The One Shania Twain
71%
Nothing Compares 2 U Sinéad O'Connor
71%
All The Small Things | What's My Age Again? Blink-182
69%
Beetlebum | Country House | Girls And Boys | Song 2 Blur
69%
Blaze of Glory | Keep The Faith Bon Jovi
69%
(Everything I Do) I Do It For You | Please Forgive Me Bryan Adams
69%
Bills, Bills, Bills | Say My Name Destiny's Child
69%
Killing Me Softly | Ready Or Not Fugees
69%
Always Be My Baby | Emotions | Fantasy | +2 others Mariah Carey
69%
I'm Too Sexy Right Said Fred
69%
Bitter Sweet Symphony | Lucky Man The Verve
69%
Tears In Heaven Eric Clapton
68%
MMMBop Hanson
68%
Are You Gonna Go My Way | Fly Away | It Ain't Over 'Til It's Over Lenny Kravitz
68%
Nothing Else Matters Metallica
68%
Free Fallin' Tom Petty
68%
Bump N' Grind | I Believe I Can Fly R. Kelly
66%
All Star Smash Mouth
66%
Buddy Holly Weezer
66%
All That She Wants | Beautiful Life | The Sign Ace Of Base
64%
Tubthumping Chumbawamba
64%
Angels | Millenium Robbie Williams
64%
Love Shack The B-52's
64%
Big Poppa | Hypnotize The Notorious B.I.G.
64%
1979 The Smashing Pumpkins
64%
I'll Make Love To You Boyz II Men
63%
Another Day In Paradise Phil Collins
63%
Black Hole Sun Soundgarden
63%
Learn To Fly Foo Fighters
61%
Doo Wop (That Thing) | Ex-Factor Lauryn Hill
61%
Smooth Operator Sade
61%
Boombastic Shaggy
61%
Alive Pearl Jam
59%
There She Goes The La's
59%
Loser Beck
58%
All I Wanna Do | If It Makes You Happy Sheryl Crow
58%
Come Out And Play | Pretty Fly (For A White Guy) | Why Don't You Get A Job The Offspring
58%
Take My Breath Away Berlin
56%
This Kiss Faith Hill
56%
Mambo No. 5 Lou Bega
56%
It Must Have Been Love | Joyride | Listen To Your Heart Roxette
56%
I'm Gonna Be (500 Miles) The Proclaimers
56%
No More I Love You's | Walking On Broken Glass Annie Lennox
54%
Torn Natalie Imbruglia
54%
Hangin' Tough | I'll Be Loving You (Forever) New Kids On The Block
54%
I Want You Back NSYNC
54%
Killing In The Name Rage Against The Machine
54%
Wind Of Change Scorpions
54%
Baby Got Back Sir Mix-A-Lot
54%
Thong Song Sisqo
54%
What's Up 4 Non Blondes
53%
Light My Fire The Doors
53%
Un-Break My Heart Toni Braxton
53%
Wicked Game Chris Isaak
51%
Enjoy The Silence Depeche Mode
51%
Praise You | The Rockafeller Skank Fatboy Slim
51%
Freak On A Leash Korn
51%
Opposites Attract Paula Abdul
51%
Black Velvet Alannah Myles
49%
A Girl Like You Edwyn Collins
49%
Bailamos Enrique Iglesias
49%
Mr. Jones Counting Crows
47%
Ordinary World Duran Duran
47%
Jump Around House Of Pain
47%
The Most Beautiful Girl In The World Prince
47%
Stupid Girl Garbage
46%
Can't Help Falling In Love UB40
46%
Iron Lion Zion Bob Marley and The Wailers
44%
Lovefool Cardigans
44%
How Deep Is Your Love (ft. Redman) Dru Hill
44%
Virtual Insanity Jamiroquai
44%
Truly Madly Deeply Savage Garden
44%
One Week Barenaked Ladies
42%
Because We Want To Billie
42%
Around The World Daft Punk
42%
Mama Said Knock You Out LL Cool J
42%
Macarena (Bayside Boys Remix) Los del Río
42%
How Am I Supposed To Live Without You | When A Man Loves A Woman Michael Bolton
42%
Blue Monday | World In Motion New Order
42%
Du Hast Rammstein
42%
A Million Love Songs | Back For Good | Pray | Relight My Fire (ft. Lulu) Take That
42%
You Make Me Wanna... Usher
42%
More Than Words Extreme
41%
Relax Frankie Goes To Hollywood
41%
What Is Love Haddaway
41%
Celebrity Skin Hole
41%
Disappear | Suicide Blonde INXS
41%
Waiting For Tonight Jennifer Lopez
41%
God Gave Rock 'N' Roll To You II Kiss
41%
Jump Kris Kross
41%
Cotton Eye Joe Rednex
41%
Two Princes Spin Doctors
41%
Breathe | Firestarter The Prodigy
41%
No Rain Blind Melon
39%
Insane In The Brain Cypress Hill
39%
Return Of The Mack Mark Morrison
39%
You Get What You Give New Radicals
39%
Common People | Disco 2000 Pulp
39%
Kiss Me Sixpence None The Richer
39%
Crash Into Me Dave Matthews Band
37%
Breakfast At Tiffany's Deep Blue Something
37%
Blue (Da Ba Dee) Eiffel 65
37%
I Try Macy Gray
37%
Always Look On The Bright Side Of Life Monty Python
37%
Go West Pet Shop Boys
37%
Interstate Love Song Stone Temple Pilots
37%
All The Things She Said t.A.T.u.
37%
Semi-Charmed Life Third Eye Blind
37%
Hold On Wilson Phillips
37%
Machinehead Bush
36%
Fade Into You Mazzy Star
36%
Rosa Parks Outkast
36%
Closing Time Semisonic
36%
Free As A Bird The Beatles
36%
The Boy Is Mine Brandy & Monica
34%
Unbelievable EMF
34%
How Do I Live LeAnn Rimes
34%
Break Stuff Limp Bizkit
34%
Bitch Meredith Brooks
34%
Closer Nine Inch Nails
34%
Whatta Man (ft. En Vogue) Salt-n-Pepa
34%
Runaway Train Soul Asylum
34%
This Charming Man The Smiths
34%
We're Going To Ibiza Vengaboys
34%
It's Oh So Quiet Bjork
32%
Maria Blondie
32%
One Love Blue
32%
Save Tonight Eagle-Eye Cherry
32%
Epic Faith No More
32%
3AM Matchbox Twenty
32%
Alive And Kicking Simple Minds
32%
Fairground | Stars Simply Red
32%
Unchained Melody The Righteous Brothers
32%
No Diggity (ft. Dr. Dre) Blackstreet
31%
Gonna Make You Sweat (Everybody Dance Now) (ft. Freedom Williams) C+C Music Factory
31%
Pony Ginuwine
31%
Tears On My Pillow Kylie Minogue
31%
I'll Stand By You The Pretenders
31%
Brimful Of Asha Cornershop
29%
Let's Get Rocked Def Leppard
29%
Free Your Mind En Vogue
29%
All I Wanna Do Is Make Love To You Heart
29%
This Is How We Do It (ft. Wino) Montell Jordan
29%
Down By The Water PJ Harvey
29%
Children Robert Miles
29%
I'll Be There For You The Rembrandts
29%
Do The Bartman The Simpsons
29%
The Joker The Steve Miller Band
29%
One Headlight The Wallflowers
29%
Body Movin' Beastie Boys
27%
And I | Father And Son | Words Boyzone
27%
Sit Down James
27%
Lightning Crashes Live
27%
If You Tolerate This Your Children Will Be Next Manic Street Preachers
27%
Rhythm Is A Dancer Snap!
27%
Lump The Presidents Of The United States Of America
27%
Flying Without Wings | If I Let You Go Westlife
27%
Fire Water Burn | The Bad Touch Bloodhound Gang
25%
Two Can Play That Game Bobby Brown
25%
99 Problems (ft. Brother Marquis) ICE-T
25%
Flava | Mysterious Girl (ft. Bubbler Ranx) Peter Andre
25%
When You Say Nothing At All Ronan Keating
25%
Bring It All Back S Club 7
25%
Alright | Pumping On Your Stereo Supergrass
25%
Cornflake Girl Tori Amos
25%
Blister In The Sun Violent Femmes
25%
I Swear All-4-One
24%
C'est La Vie | Rollercoaster B*witched
24%
Mulder And Scully Catatonia
24%
The One And Only Chesney Hawkes
24%
Stay Another Day East 17
24%
Flagpole Sitta Harvey Danger
24%
Bring Your Daughter... To The Slaughter Iron Maiden
24%
Have I Told You Lately Rod Stewart
24%
It's Like That (ft. Jason Nevins) Run-DMC
24%
Scatman (Ski Ba Bop Ba Dop Bop) Scatman John
24%
Love Is All Around Wet Wet Wet
24%
No Limit | Tribal Dance | Twilight Zone 2 Unlimited
22%
Never Ever All Saints
22%
Girl From Mars Ash
22%
Chocolate Salty Balls (PS I Love You) Chef
22%
The Millennium Prayer Cliff Richard
22%
Criminal Fiona Apple
22%
Keep On Movin' Five
22%
Porcelain Moby
22%
The Day We Caught The Train | The Riverboat Song Ocean Colour Scene
22%
Where Have All The Cowboys Gone? Paula Cole
22%
Tragedy Steps
22%
What I Got Sublime
22%
Wake Up Boo! The Boo Radleys
22%
The Impression That I Get The Mighty Mighty Bosstones
22%
Saturday Night Whigfield
22%
Shine Collective Soul
20%
I Touch Myself Divinyls
20%
Santa Monica Everclear
20%
Kinky Afro | Step On Happy Mondays
20%
Only Wanna Be With You Hootie & The Blowfish
20%
How Bizarre OMC
20%
The Whole Of The Moon The Waterboys
20%
Birdhouse In Your Soul They Might Be Giants
20%
Give Me One Reason Tracy Chapman
20%
Cats In The Cradle Ugly Kid Joe
20%
Are You That Somebody Aaliyah
19%
The Distance CAKE
19%
I Wanna Sex You Up Color Me Badd
19%
Groove Is In The Heart Deee-Lite
19%
Insomnia Faithless
19%
It Must Be Love Madness
19%
Teardrop (ft. Elizabeth Fraser) Massive Attack
19%
Moving On Up M People
19%
Every You Every Me Placebo
19%
A Little Time | Perfect 10 | Rotterdam The Beautiful South
19%
Life Is A Highway Tom Cochrane
19%
Born Slippy .NUXX Underworld
19%
I Love You Always Forever | Love Him Donna Lewis
17%
Things Can Only Get Better D:Ream
17%
Return To Innocence Enigma
17%
Scooby Snacks Fun Lovin' Criminals
17%
Mi Chico Latino Geri Halliwell
17%
Ooh Ah... Just A Little Bit Gina G
17%
The King Of Wishful Thinking Go West
17%
Here Comes The Hotstepper Ini Kamoze
17%
Over My Shoulder Mike & The Mechanics
17%
Is She Weird Pixies
17%
Ready To Go Republica
17%
Gin And Juice Snoop Doggy Dogg
17%
Sleeping Satellite Tasmin Archer
17%
Pump Up The Jam Technotronic
17%
She Don't Use Jelly The Flaming Lips
17%
The Life Of Riley The Lightning Seeds
17%
Love Spreads The Stone Roses
17%
Better Off Alone Alice DeeJay
15%
Can I Kick It? A Tribe Called Quest
15%
Would I Lie To You? Charles & Eddie
15%
The Rhythm Of The Night Corona
15%
Mr. Vain Culture Beat
15%
Party Up DMX
15%
All Right Now Free
15%
Any Dream Will Do Jason Donovan
15%
Be My Lover La Bouche
15%
What Becomes Of The Broken Hearted Robson & Jerome
15%
Animal Nitrate | Trash Suede
15%
What's Your Sign? | You Gotta Be Des'ree
14%
Hey Man Nice Shot Filter
14%
Living On My Own Freddie Mercury
14%
Shimmer Fuel
14%
Freed From Desire Gala
14%
All Around The World Lisa Stansfield
14%
The X-Files Mark Snow
14%
The Changingman Paul Weller
14%
U.N.I.T.Y. Queen Latifah
14%
I Wish Skee-Lo
14%
Living Next Door To Alice (ft. Roy Chubby Brown) Smokie
14%
Back To Life (However Do You Want Me) (ft. Caron Wheeler) Soul II Soul
14%
Young At Heart The Bluebells
14%
Ebeneezer Goode The Shamen
14%
Writing To Reach You Travis
14%
Your Woman White Town
14%
2 Times Ann Lee
12%
Everybody's Free (To Wear Sunscreen) Baz Luhrmann
12%
Finally Cece Peniston
12%
Missing Everything But The Girl
12%
Vindaloo Fat Les
12%
Dreams Gabrielle
12%
Crush Jennifer Paige
12%
Pretend We're Dead L7
12%
Here And Now Luther Vandross
12%
Perfect Moment Martine McCutcheon
12%
Horny Mousse T.
12%
Tequila Terrorvision
12%
9PM (Till I Come) ATB
10%
(We Want) The Same Thing Belinda Carlisle
10%
Sunchyme Dario G
10%
I Wanna Be The Only One (ft. Bebe Winans) | Stay Eternal
10%
Movin' On Up Primal Scream
10%
Stay Shakespears Sister
10%
Spaceman Babylon Zoo
8%
Baby, I Love Your Way Big Mountain
8%
Lit Up Buckcherry
8%
Ain't No Doubt Jimmy Nail
8%
Just Another Day Jon Secada
8%
All My Life K-Ci & JoJo
8%
Candy Mandy Moore
8%
Sell Out Reel Big Fish
8%
Freak Silverchair
8%
It Feels So Good Sonique
8%
One To Another The Charlatans
8%
Dizzy Vic Reeves & The Wonder Stuff
8%
Freak Me Another Level
7%
Gypsy Woman (She's Homeless) Crystal Waters
7%
Summertime DJ Jazzy Jeff & The Fresh Prince
7%
This Is How It Feels Inspiral Carpets
7%
Back That Azz Up (ft. Lil Wayne & Mannie Fresh) JUVENILE
7%
Sound Of Da Police KRS-One
7%
I Got 5 On It Luniz
7%
Flat Beat Mr. Oizo
7%
Where Do You Go No Mercy
7%
You're Not Alone Olive
7%
Ghetto Supastar (That Is What You Are) (ft. Ol' Dirty Bastard & Mya) Pras
7%
Another Night Real McCoy
7%
Mr. Loverman Shabba Ranks
7%
Trouble Shampoo
7%
Sweet Like Chocolate Shanks & Bigfoot
7%
You Might Need Somebody Shola Ama
7%
Music Sounds Better With You Stardust
7%
Right Here SWV
7%
Whoomp! (There It Is) Tag Team
7%
Don't Stop (Wiggle Wiggle) The Outhere Brothers
7%
You & Me Song The Wannadies
7%
The Key, The Secret Urban Cookie Collective
7%
Re-Rewind Artful Dodger
5%
Right Now Atomic Kitten
5%
Witch Doctor Cartoons
5%
Do You Really Like It? DJ Pied Piper
5%
Tom's Diner (ft. Suzanne Vega) DNA
5%
Love Like This Faith Evans
5%
Love... Thy Will Be Done Martika
5%
Dance The Night Away Mavericks
5%
Roots Radical Rancid
5%
I Like To Move It Reel 2 Real
5%
Show Me Love Robin S.
5%
Everybody's Free (ft. David Anthony) Rozalla
5%
Something 4 The Weekend Super Furry Animals
5%
Anything 3T
3%
Bodyshakin' 911
3%
Ready Or Not A1
3%
Let Me Be Your Fantasy Baby D
3%
Tell Him (ft. Celine Dion) Barbra Streisand
3%
Don't Be A Stranger Dina Carroll
3%
Finally Found Honeyz
3%
Dreamer Livin' Joy
3%
Push The Feeling On Nightcrawlers
3%
Stayin' Alive N-Trance
3%
Because I Love You (The Postman Song) Stevie B
3%
Sweet Harmony The Beloved
3%
You Got The Love (ft. Candi Staton) The Source
3%
Feel It (ft. Maya) The Tamperer
3%
Around The World (La La La La La) A Touch Of Class
2%
What's It Gonna Be?! (ft. Janet) Busta Rhymes
2%
Bellissima DJ Quicksilver
2%
Hard To Beat Hard-Fi
2%
Stripper Vicar Mansun
2%
Something Good Utah Saints
2%
Dub Be Good To Me Beats International
0%
Playing With Knives Bizarre Inc
0%
U Got 2 Let The Music Cappella
0%
Guaglione Perez Prado
0%
When I'm Good And Ready Sybil
0%
Be My Baby Vanessa Paradis
0%
No matching quizzes found
Score Distribution
Percent of People with Each Score
Percentile by Number Answered
Your Score History
You have not taken this quiz